Globalización de las resistencias : el estado de las luchas /

Primera edición de lo que se busca que sea un informe regular sobre el estado de las luchas políticas en el mundo y analiza sus puntos de vista y los elementos alternativos en contra de las opiniones neoliberales que han provocado polaarización de la riqueza, el deterioro de las condiciones de vida...

Fuld beskrivelse

Guardado en:
Bibliografiske detaljer
Institution som forfatter: Forum Mundial de Alternativas
Andre forfattere: Amin, Samir (edición) (edición), Hourtart, François (edición) (edición)
Format: Bog
Sprog:spansk
Udgivet: Barcelona, España : Icaria : Cáritas Española, 2003, c2003
Serier:(Antrazyt ; Forum Mundial de Alternativas) 193.
Fag:
Tags: Tilføj Tag
Ingen Tags, Vær først til at tagge denne postø!

MARC

LEADER 00000nam^a2200000^a^4500
001 000176820
005 20250521000000.0
009 20260526125944.274
020 |a 84-7426-655-6 
037 |a Acervo ITESO - Biblioteca 
041 |a ESP 
082 |a 322. 4  |b FOR 2003 
110 |a Forum Mundial de Alternativas 
245 1 0 |a Globalización de las resistencias :  |b el estado de las luchas /  |c Forum Mundial de Alternativas ; ed. S. Amin, F. Hourtart. 
264 4 |a Barcelona, España :  |b Icaria :  |b Cáritas Española,  |c 2003, c2003 
300 |a 374 p. 
336 |a texto  |b txt  |2 rdacontenido 
337 |a sin mediación  |b n  |2 rdamedio 
338 |a volumen  |b nc  |2 rdasoporte 
440 1 |a (Antrazyt ;  |v 193.  |p Forum Mundial de Alternativas) 
500 |a Traducción de: Mondialisation des Résistances. L'Etat des luttes 
520 |a Primera edición de lo que se busca que sea un informe regular sobre el estado de las luchas políticas en el mundo y analiza sus puntos de vista y los elementos alternativos en contra de las opiniones neoliberales que han provocado polaarización de la riqueza, el deterioro de las condiciones de vida de pueblos enteros, la destrucción acelerada del medio ambiente y la disolución de las especifidades culturales. 
649 |a XX 
650 |a Movimientos Políticos -  |x Informes 
650 |a Movimientos de Mujeres -  |x Informes 
650 |a Movimientos Sociales -  |x Informes 
650 |a Resistencia Civil 
650 |a Acción Social 
650 |a Participación Política 
650 |a Redes Sociales 
650 |a Interacción Social 
650 |a Pobreza 
650 |a Igualdad y Desigualdad 
650 |a Justicia e Injusticia 
650 |a Distribución Económica 
650 |a Petróleo -  |x Aspectos Económicos 
650 |a Agua -  |x Aspectos Económicos 
650 |a Privatización 
650 |a Deuda Externa 
650 |a Armamentismo 
650 |a Impacto Ambiental 
650 |a Globalización 
650 |a Neoliberalismo 
650 |a Apertura Comercial e Integración Económica 
650 |a Problemas Sociales 
650 |a Desarrollo Económico-Social 
650 |a Desarrollo Económico-Social 
650 |a Economía Internacional 
650 |a Economía Política 
650 |a Política Económica 
650 |a Economía 
700 |a Amin, Samir  |e (edición) 
700 |a Hourtart, François  |e (edición) 
910 |a Fondo General 
920 |a Impresos - Libros 
930 |a Colección General 
905 |a 101 
901 |a 0500115321  |b IT1  |c ACC  |u 20250521 
902 |a https://opac.biblio.iteso.mx/vufind/Record/000176820